[Event "Metz op 31th"]
[Site "Metz"]
[Date "2013.07.24"]
[Round "7"]
[White "Maiorov, Nikita"]
[Black "Donchenko, Alexander"]
[Result "1-0"]
[WhiteElo "2535"]
[BlackElo "2428"]
[Annotator "Metz Alekhine/Primel,D"]
[PlyCount "69"]
[EventDate "2013.04.20"]
[EventType "swiss"]
[EventRounds "9"]
[EventCountry "FRA"]
[SourceTitle "EXT 2016"]
[Source "ChessBase"]
[SourceDate "2015.10.08"]
[SourceVersion "1"]
[SourceVersionDate "2015.10.08"]
[SourceQuality "1"]
[TimeControl "40/5400:1800+30"]
[WhiteClock "1:30:00"]
[BlackClock "1:30:00"]

1. d4 d5 2. c4 dxc4 3. Nf3 a6 {[%cal Gb7b5] Une variante souvent jouée par
Anand} 4. e3 (4. e4 $5 {Plus risqué} b5 5. a4 Bb7 6. axb5 axb5 7. Rxa8 Bxa8 8.
Nc3 c6 {Bronstein,D-Simagin,V Moscow-ch 31th 1953 1/2-1/2}) 4... Nf6 5. Bxc4 e6
(5... b5 6. Bd3 Bb7 7. a4 b4 8. Nbd2 $14 {[%cal Gd2c4]}) 6. O-O c5 7. Nc3 (7.
a4) (7. Bb3) (7. Bd3) 7... b5 8. Be2 (8. Bb3 Bb7 9. e4 cxd4 10. Nxd4 Nc6 11.
Be3 Nxd4 12. Bxd4 Be7 13. e5 Nd5 14. f4 {Cornette,M (2534)-David, V (2421) Cap
d'Agde CCAS op 2010 (6) 1/2-1/2} (14. Qg4 $5 {[%csl Rg7]})) 8... Bb7 9. dxc5 {
Voulant tester la technique du jeune adversaire en finale} (9. a3 Nbd7 (9...
Be7 $143 10. dxc5 $1 {Gagne un tempo par rapport à la partie}) 10. dxc5 Bxc5
11. b4 Be7 12. Bb2 O-O $11 {Zilberman,Y (2463)-Gruenfeld,Y (2472) Petah Tiqwa
Elitzur-A 2011 (2) 1/2-1/2}) 9... Bxc5 (9... Qxd1 10. Rxd1 {Kramnik,V (2801)
-Tomashevsky,E (2738) Moscow Tal Memorial 7th 2012 (6) 1-0}) 10. Qxd8+ {
90 Tout a été joué à tempo} Kxd8 11. Nd2 (11. a3 {[%cal Gb2b4]} Nbd7 12. b4
Bd6 13. Bb2 Ke7 14. Rac1 Rac8 $11 {Inkiov,V (2485)-Seirawan,Y (2600) Zagreb
Interzonal 1987 (1) 1/2-1/2}) (11. Bd2 Nbd7) 11... Nbd7 12. Nb3 Bb6 (12... Bb4)
13. a4 b4 14. a5 Ba7 $6 $146 {le B serait mieux placé en c7 afin de faire
pression sur le Pa5 et les Noirs pourraient aussi défendre la faiblesse b4
par Bd6} (14... Bc7 $142 {[%cal Gc7a5,Gc7d6,Gd6b4]} 15. Na2 Bd5 16. Nd4 Bxa5 (
16... Rb8 17. Bxa6 e5 18. Nf5 g6 19. Ng3 Bxa5 $132) 17. Bd2 {Blanco Ronquillo,
H (2430)-Kolev,A (2601) San Cristobal Bolivar op 1st 2012 (3) 1/2-1/2}) 15. Na2
{[%csl Rb4] 82 Continuant de suivre la préparation maison} Nc5 (15... Bd5 $5
16. Nd4 Rb8 (16... Bxa2 17. Rxa2) 17. Bd2 Ne4 18. Be1 (18. Bxb4 Bxd4 19. exd4
Bxa2) 18... e5) 16. Nxc5 Bxc5 17. Bd2 b3 (17... Rb8 18. Nxb4 Bxb4 19. Bxb4 Bxg2
20. Rfd1+ Bd5 21. Bc3 $16 {[%csl Gc3]}) 18. Nc1 $1 $16 {[%csl Rb3][%cal Ge2d1]
71} Bd5 19. Nd3 Bd6 (19... Ba7 20. Rac1) 20. f3 {[%cal Ge3e4,Gg1f2] Les Blancs
ont une bonne finale} (20. Bb4 Ke7 21. Bxd6+ Kxd6 22. Rfc1 (22. f3 Bc4) 22...
Rhc8 23. Nb4 (23. f3 Bc4) 23... Bb7) 20... Bc4 21. Rfc1 Rc8 22. e4 Nd7 23. Rc3
Bb5 24. Rac1 $36 {[%csl Rd8,Rh8]} Rxc3 25. Rxc3 Nc5 (25... Ke7 26. Rxb3 Rc8 27.
Rc3) 26. Nxc5 Bxe2 27. Nxb3 Kd7 (27... Be5 {[%cal Ge5b2]} 28. Rc2 Bd1 29. Bg5+
f6 30. Rd2+ Ke7 31. Bxf6+ gxf6 32. Rxd1 Bxb2 33. Nc5 Rc8 34. Nxa6 Bc3 35. Kf1
Bxa5 {Avec des P sur la même aile, le N doit dominer le B et les Blancs ont
des bonnes chances de gain.}) 28. Nd4 Bd1 29. Rc1 Ba4 30. b3 Be5 31. Nxe6 Bb5
32. Nc5+ Ke7 33. Bb4 {[%csl Re7][%cal Gb4e7] Malgré le matériel réduit, le
K Noir est en insécurité.} Bd4+ 34. Kh1 Kf6 $2 35. Nxa6 $1 1-0

[Event "Metz op 30th"]
[Site "Metz"]
[Date "2012.04.17"]
[Round "6"]
[White "Sumets, Andrey"]
[Black "Feller, Sebastien"]
[Result "1/2-1/2"]
[WhiteElo "2587"]
[BlackElo "2644"]
[Annotator "Metz Alekhine/Primel,D"]
[PlyCount "54"]
[EventDate "2012.04.14"]
[EventType "swiss"]
[EventRounds "9"]
[EventCountry "FRA"]
[SourceTitle "EXT 2013"]
[Source "ChessBase"]
[SourceDate "2012.11.22"]
[SourceVersion "1"]
[SourceVersionDate "2012.11.22"]
[SourceQuality "1"]

1. d4 d5 2. c4 e6 3. Nf3 Nf6 4. Nc3 dxc4 5. e3 a6 6. Bxc4 c5 7. O-O (7. a4)
7... b5 8. Bd3 (8. Bb3 Bb7 9. Qe2 Nbd7 10. Rd1 Qb8 (10... Qc7) (10... Qb6))
8... Bb7 9. dxc5 Bxc5 10. b3 (10. a3 Nbd7 11. b4 Be7 12. Bb2 O-O 13. Rc1 {
1/2-1/2 (13) Akobian,V (2664)-Shulman,Y (2697) Chicago 2009}) 10... Nbd7 11.
Bb2 O-O 12. Qe2 Qe7 13. Rac1 Ba3 $11 14. Bxa3 Qxa3 15. Nb1 Qb4 $146 (15... Qa5
16. a3 Rfc8 17. b4 Qd8 18. Nbd2 Rxc1 19. Rxc1 Rc8 20. Qd1 Rxc1 21. Qxc1 g6 22.
Nb3 Bxf3 23. gxf3 Ne5 24. Be2 g5 25. Qc5 Nd5 26. Nd4 Qf6 27. Qc8+ Kg7 28. Qxa6
Nc3 29. Bxb5 g4 30. Bc6 gxf3 31. Qf1 Ne2+ 32. Nxe2 fxe2 33. Qxe2 Nxc6 34. Qa6
Qg6+ 35. Kf1 Ne5 36. b5 Qb1+ 37. Kg2 Qe4+ 38. Kf1 Qh1+ 39. Ke2 Qf3+ 40. Ke1 Ng4
41. Kd2 Qxf2+ 42. Kc3 Qxe3+ 43. Kb4 Qd4+ 44. Kb3 Qd3+ 45. Kb4 {Donovan,
J-Santasiere,A Ventnor City 1940 0-1}) 16. Qd2 Qxd2 17. Nbxd2 {(=)} Rac8 {
refuse la proposition mais la position est égale} 18. Nd4 g6 {[%cal Ge6e5]} 19.
b4 Ne5 (19... e5 20. N4b3 {[%cal Gb3c5,Gb3a5]}) 20. Be2 Nd5 21. a3 Nc3 $132 22.
N2b3 Bd5 23. Nc5 Nxe2+ 24. Nxe2 Bc4 $15 25. Rc2 a5 (25... Rfd8 26. Nxa6 Rd3 $36
) 26. Rb1 axb4 27. axb4 Nc6 {[%cal Gc6b4,Gc8c5] Suivi de Rb2 mais les deux
feuilles ne précisent pas la case d'origine et nulle au 42ème coup.} 1/2-1/2

[Event "World Women-ch k.o."]
[Site "Khanty-Mansiysk"]
[Date "2012.11.14"]
[Round "2.10"]
[White "Cramling, Pia"]
[Black "Krush, Irina"]
[Result "1-0"]
[WhiteElo "2516"]
[BlackElo "2470"]
[Annotator "Mikhalchishin,A"]
[PlyCount "55"]
[EventDate "2012.11.11"]
[EventType "k.o."]
[EventRounds "6"]
[EventCountry "RUS"]
[SourceTitle "CBM 152"]
[Source "ChessBase"]
[SourceDate "2013.01.15"]
[SourceVersion "1"]
[SourceVersionDate "2013.01.15"]
[SourceQuality "1"]

1. d4 d5 2. Nf3 Nf6 3. c4 dxc4 4. e3 e6 5. Bxc4 c5 6. O-O a6 7. Nc3 b5 8. Bb3
Bb7 9. e4 $5 cxd4 (9... Nxe4 {is very risky:}) ({Funny, there is a simple
development, which is not bad at all but which has been tried very rarely:} 
9... Be7 10. e5 Nd5 11. Nxd5 Bxd5 12. Bxd5 Qxd5 13. dxc5 Qxd1 14. Rxd1 Bxc5 15.
Bf4 Nd7 16. Rac1 $14 {0-1 Mira,H-Zayac,E/Varna 2002}) 10. Nxd4 Nbd7 {Other
moves are very serious here too} (10... Bc5 11. Be3 Qd6 $1 12. Nd5 $5 Nbd7 (
12... Nxe4 13. Bf4 $18) (12... Nxd5 13. exd5 Bxd5 (13... exd5 14. Nf5 Qc6 15.
Bxc5 Qxc5 16. Qe1+ Kd7 17. Rc1 Qf8 18. Qd2 $18)) (12... exd5 13. Nf5 Qb6 14.
Bxc5 Qxc5 15. e5 Ne4 16. Rc1 Qb6 (16... Qa7 17. Bxd5 g6 18. Rc7 $18) 17. Bxd5
g6 (17... O-O 18. Qg4 $18) 18. Bxb7 Qxb7 19. Nd6+ Nxd6 20. Qxd6 Qd7 $8 21. Qc5
$1 {and Black has huge problems with castling}) 13. Bf4 Ne5 14. Nf3 Nxf3+ (
14... Nfd7 15. Nxe5 Nxe5 16. Qh5 $16) 15. Qxf3 e5 {Marin,M (2518)-Moldovan,D 
(2430)/Romania 2004[Marin,M]} (15... e5 16. Nxf6+ Qxf6 17. Bxe5 Qxf3 18. gxf3
Ke7 $44)) (10... Nc6 11. Be3 (11. Nxc6 Qxd1 12. Rxd1 Bxc6 13. f3 Bc5+ 14. Kf1
h6 15. Bf4 O-O 16. Ne2 Rfc8 17. Rac1 Ba7 18. Be5 Be8 19. Rc7 Rxc7 20. Bxc7 Nd7
21. Ba5 Nc5 $11 {1/2-1/2 Zvjaginsev,V-Adianto,U/Biel 1995}) 11... Be7 (11...
Ne5 12. Qe2 Neg4 13. e5 Nxe3 14. fxe3 Nd7 15. Rxf7 Kxf7 16. Nxe6 Qb8 17. Nxg7+
$1 Ke7 18. Qh5 $40 {1-0 Naer,E-Grabuzova,T/Moscow 1998}) 12. Nxc6 Bxc6 13. Qe2
O-O 14. e5 Nd7 15. Rfd1 Qa5 16. Bd4 b4 17. Ne4 Nxe5 18. Rac1 Bxe4 19. Qxe4 Ng6
20. g3 $44 {0-1 Idigoras Guisasola,G-Martin,P/Buenos Aires 1954/EXT 2003 (29)})
({A very interesting idea seems to be} 10... b4 11. e5 ({A better move was} 11.
Ba4+ Nfd7 12. Nce2 Bc5 13. Be3 O-O 14. Rc1 Bxe4 15. Ng3 Bd5 16. Nh5 {with
compensation for the sacrificed pawn}) 11... Nfd7 12. Bxe6 $6 {too risky} ({
clearly better was} 12. Na4 Nxe5 13. Be3 Be7 14. Qh5 Ng6 15. Rfd1 Qc7 16. Rac1)
12... Nc5 13. Bc4 bxc3 14. e6 Nxe6 15. Re1 Be7 16. Bxe6 fxe6 17. Qh5+ g6 18.
Qe5 O-O 19. Nxe6 Bf6 20. Qc5 Nd7 $17 {0-1 Barkhagen,J-Maksimenko,A/Aalborg 1995
}) 11. Re1 Nc5 $6 (11... Ne5 {seemed much moire logical} 12. Bf4 (12. Nd5 Bc5
13. Bf4 exd5 (13... Nfd7 14. Rc1 Rc8 15. Nc3 Qh4 16. Bg3 Qf6 17. Nf3 Nxf3+ 18.
Qxf3 Qxf3 19. gxf3 g5 {Narciso Dublan,M (2511)-Stefanova,A (2548)/Barcelona
2008; with a very promising endgame.}) 14. exd5 O-O 15. Rxe5 Bd6 16. Nf5 Bxe5
17. Bxe5 Bc8 18. Nxg7 $5 (18. Nd4 Bd7 19. Nc6 Bxc6 20. dxc6 $16) 18... Ne4 ({
Black was afraid of the bad pin} 18... Kxg7 19. Qd2 h6 20. Qf4 Re8 21. d6 Ra7 {
but it is not easy to attack here too}) 19. Bd4 Qh4 20. h3 Nf6 21. Rc1 Kxg7 22.
Rc3 Re8 23. Rg3+ Kh8 24. Bc3 b4 25. Qd4 Re1+ 26. Kh2 {1-0 Ivanisevic,I (2595)
-Miladinovic,I (2605)/Zlatibor 2007}) (12. Bd5 exd5 13. exd5 Bd6 14. Bf4 O-O
15. Bxe5 Bxe5 16. Rxe5 Re8 17. Rxe8+ Qxe8 18. Qd2 b4 {1/2 Tkachiev,V (2636)-So,
W (2673)/Wijk aan Zee 2011}) 12... Ng6 13. Bg3 Bc5 $13) ({Or} 11... Bc5 12. Be3
Rc8 13. f3 Ne5 14. Kh1 Qb6 15. Nc2 O-O 16. Qe2 Rfd8 17. Rad1 Bxe3 18. Qxe3 Qxe3
19. Rxd8+ Rxd8 20. Nxe3 Nd3 21. Rb1 Kf8 {Lintchevski,D (2558)-Smirnov,P (2580)/
St Petersburg 2011. Once more Black has very good chances in the endgame.}) 12.
Bc2 ({There are a few very sharp tries} 12. Bd5 Nxd5 (12... Qb6 13. b4 Ncd7 14.
Be3 exd5 15. exd5 Bxb4 16. Nc6 $16 {1-0 Bosboom,M-Van den Bergh,J/Haarlem 1998}
) 13. exd5 b4 14. dxe6 bxc3 15. Qg4 Qd5 $17 {1/2-1/2 Zvjaginsev,V-Yakovich,Y/
Moscow 1995}) (12. e5 Nxb3 13. axb3 Nd7 (13... Bc5 14. Be3 Bxd4 15. Bxd4 Nd7
16. Qg4 O-O 17. Rad1 Qe7 18. Rd3 Qb4 19. Rg3 g6 {Marin,M (2540)-Ivanov,V (2463)
/Moscow 2005. Black's defensive chances are higher than the opponent's chances
for an attack.}) 14. Qg4 b4 (14... Qb6 15. Be3 h5 16. Qf4 Qc7 17. Nf3 Be7 18.
Rac1 Qb8 19. Ne4 Bd5 20. Nd6+ Bxd6 21. exd6 O-O 22. Rc7 Qd8 23. Ne5 Nxe5 24.
Qxe5 f6 25. Qg3 Rf7 26. Rec1 e5 27. Bh6 {Ponomariov,R (2739)-Morozevich,A 
(2750)/Moscow 2009. Black's defence is not easy.}) 15. Na4 Bd5 16. h4 h5 17.
Qg3 g6 18. Bg5 Qb8 19. Rac1 $14 {1-0 Fominyh,A-Ganguly,S/Kelamabakkam 2000})
12... b4 (12... Qd7 {was very risky:} 13. e5 Rd8 14. exf6 Qxd4 15. Bg5 g6 $13)
({But} 12... e5 {was much more solid:} 13. Nf3 Qxd1 14. Rxd1 Nfxe4 15. Nxe4
Bxe4 16. Bxe4 Nxe4 17. Nxe5 Bc5 18. Be3 Bxe3 19. fxe3 O-O $11) 13. e5 (13. Na4
{was not sufficient:} e5 14. Nf5 Qxd1 15. Rxd1 Bxe4 16. Bxe4 Nfxe4 17. Rd5 f6
18. Nxc5 Bxc5 $17) 13... bxc3 ({Black would still have a playable position
after the simple retreat} 13... Nfd7 14. Ne4 Bxe4 15. Bxe4 Nxe4 16. Rxe4 Nc5
17. Rf4 Qd5 18. Be3 Rd8 19. Qe2 Be7 20. Nf3 Qd3 21. Qe1 b3 $1) 14. exf6 gxf6 ({
A typical pawn sacrifice like in the Meran did not promise full equality:} 
14... Qd7 15. fxg7 Bxg7 16. bxc3 Qd5 17. f3 O-O 18. Rb1) 15. b4 $6 {A very
sharp decision, as White did not like to suffer with an extra pawn:} (15. bxc3
Rg8 16. g3 Qd5 17. f3 O-O-O) 15... Qd5 $1 16. f3 O-O-O 17. Be3 ({Of course, it
makes no sense to go into a worse endgame:} 17. bxc5 Bxc5 18. Be3 Bxd4 19. Qxd4
Qxd4 20. Bxd4 Rxd4) 17... e5 18. bxc5 ({A very passive position followed} 18.
Ne2 Qc4 19. Qb1 Nd3 20. Rd1 e4) 18... exd4 19. Be4 Qxc5 ({Possible but risky
was} 19... Qd7 20. Bf4 Bxe4 21. Rxe4 Bxc5 22. Rb1 Qc6 23. Qd3 Bd6 24. Rxd4 c2
25. Qf5+ Rd7 26. Rc1 Bc5) 20. Bxb7+ Kxb7 21. Rb1+ Ka8 (21... Ka7 {was not
worse, but the way the game developed suited better.}) 22. Qa4 Qc8 $4 ({
After the correct} 22... Ka7 23. Qb3 Qc8 24. Bxd4+ Rxd4 25. Qb6+ Ka8 26. Re8
Rd1+ 27. Rxd1 Bc5+ 28. Qxc5 Rxe8 29. Qxc8+ Rxc8 30. Kf2 {White would have
chances to save the rook ending.}) 23. Bf4 $1 $18 Bd6 (23... Bc5 24. Rb8+ Qxb8
25. Bxb8 d3+ 26. Kf1 Kxb8 27. Rb1+ Kc7 28. Qc4 $18) 24. Rb6 $1 Ka7 25. Bxd6 $1
Kxb6 26. Rb1+ Ka7 27. Qxd4+ Ka8 28. Qd5+ 1-0

[Event "EU-Cup 33rd"]
[Site "Antalya"]
[Date "2017.10.09"]
[Round "2.1"]
[White "Mamedyarov, Shakhriyar"]
[Black "Nisipeanu, Liviu Dieter"]
[Result "1-0"]
[WhiteElo "2791"]
[BlackElo "2672"]
[Annotator "Mikhalchishin,A"]
[PlyCount "59"]
[EventDate "2017.10.08"]
[EventType "team-swiss"]
[EventRounds "7"]
[EventCountry "TUR"]
[SourceTitle "CBM 181"]
[Source "ChessBase"]
[SourceDate "2017.11.10"]
[SourceVersion "1"]
[SourceVersionDate "2017.11.10"]
[SourceQuality "1"]
[WhiteTeam "Globus"]
[BlackTeam "Baia Mare"]
[WhiteTeamCountry "RUS"]
[BlackTeamCountry "ROU"]

1. d4 d5 2. c4 dxc4 3. e3 Nf6 4. Bxc4 e6 5. Nf3 c5 6. O-O a6 7. b3 b5 ({
Here there exists a much simpler line:} 7... Nc6 8. Bb2 cxd4 9. Nxd4 Bd7 10.
Nd2 Be7 11. Be2 O-O 12. Bf3 Rc8 13. Rc1 Nb4 14. Nc4 Nxa2 15. Ra1 b5 16. Rxa2
bxc4 17. bxc4 {1/2 (17) Speelman,J (2597)-Mikhalchishin,A (2552) Batumi 1999})
8. Be2 Nbd7 9. a4 bxa4 10. Rxa4 Bb7 11. Bb2 Be7 12. Nbd2 O-O (12... Nb6) 13.
Qa1 ({A much more aggressive approach here is} 13. Ne5 $5 cxd4 14. Rxd4 Bc5 15.
Rd3 Qe7 16. Nxd7 Nxd7 17. Bf3 Nb6 (17... Nf6 18. Bxf6 gxf6 19. Bxb7 Qxb7 20. e4
$40 (20. Qh5 Qb5 $1)) 18. Ne4 $1 $16 f6 (18... f5 19. Nxc5 Bxf3 20. Qxf3 Qxc5
21. Rc1 $16) 19. Nxc5 Bxf3 20. Qxf3 Qxc5 21. Qg4 $1 e5 (21... Rae8 $5 22. Rc1
$16) 22. Rc1 Qe7 23. Rc6 $1 {Novikov,I (2580)-Baburin,A (2495) Vienna 1995,
with very unpleasant pressure.}) 13... Nb6 14. Ra5 cxd4 15. Bxd4 Nbd5 16. Nc4 (
16. Rc1 {did not promise very much:} Nb4 17. Nc4 Rc8 18. Nfe5 Nfd5 19. Ra4 f6
20. Nd3 Bc6 (20... Nxd3 21. Bxd3 e5 22. Qb1 $3 (22. Bb2 Nb6 $1) 22... exd4 23.
Bxh7+ Kh8 24. Qf5 g5 25. Qg6 $44 {Ehlvest}) 21. Nxb4 Nxb4 22. Ra5 Bb5 {
Agdestein,S (2605)-Ehlvest,J (2620) Belgrade 1989, with equality.}) 16... Nb4
17. Bc3 Bd5 18. Nfd2 $5 Qc7 $2 ({Much better was the careful} 18... h6 $14) 19.
e4 $1 Nxe4 (19... Bxc4 20. Nxc4 $16) 20. Nxe4 Bxe4 21. Bxg7 $18 Rfd8 22. Bh6 $1
f6 23. Bf3 Bxf3 $2 (23... Bd5 {promised some chances.}) 24. Rg5+ Kf7 25. Rg7+
Ke8 26. gxf3 Qc6 27. Rc1 Nd3 28. Rg8+ Kd7 29. Ne5+ Nxe5 30. Rxd8+ 1-0